Do prednej izby turistov Znovunájdené čaro vidieka a ako na ňom zarobiť

Forma trávenia voľného času - vidiecka turistika či agroturistika. Možnosti organizovania tejto formy na Slovensku, vytypované oblasti v Malokarpatskej vínnej oblasti. Združenie podnikateľov agroturistiky. Dotácie MP SR do oblasti propagácie agroturistiky. Organizovanie a poskytovanie agroturistický...

Ausführliche Beschreibung

Gespeichert in:
Bibliographische Detailangaben
1. Verfasser: Hanko, I.
Format: Buchkapitel
Sprache:Slowakisch
Schlagworte:
Tags: Tag hinzufügen
Keine Tags, Fügen Sie das erste Tag hinzu!

MARC

LEADER 00000naa a2200000 4500
001 r014652
005 20221213114049.5
041 0 |a slo 
044 |a SK 
245 1 0 |a Do prednej izby turistov  |b Znovunájdené čaro vidieka a ako na ňom zarobiť  |c I. Hanko 
520 |a Forma trávenia voľného času - vidiecka turistika či agroturistika. Možnosti organizovania tejto formy na Slovensku, vytypované oblasti v Malokarpatskej vínnej oblasti. Združenie podnikateľov agroturistiky. Dotácie MP SR do oblasti propagácie agroturistiky. Organizovanie a poskytovanie agroturistických služieb v Rakúsku, Maďarsku. 
610 2 0 |a agroturistika 
610 2 0 |a čas voľný 
610 2 0 |a ruch cestovný 
610 2 0 |a Slovensko 
610 2 0 |a Rakúsko 
610 2 0 |a Maďarsko 
610 2 0 |a podnikanie 
610 2 0 |a služby 
100 1 |a Hanko, I.